| 000 | 01238cem a22002175a 4500 | ||
|---|---|---|---|
| 001 | L140373 | ||
| 008 | 070920s1939 xxk a 0 f eng u | ||
| 035 | _a(Sirsi) u140373 | ||
| 041 | 0 | _aeng | |
| 110 | 2 |
_aLondon Topographical Society _9106 |
|
| 245 | 0 | 0 |
_aSurvey of all lands and tenements belonging to the Worshipful Company of the Clothworkers of London, made by Ralphe Treswell the Elder in the month of July A. D. 1612 in the time of Mr Hughe Morall Master of the said Company, Mr James Chapman, Mr Robert Reynolds, Mr Joseph Jackson, and Mr George Rogers, Wardens of the said Company _bto which has been added certain further surveys of some of the properties in the year 1728 _h[cartographic material] |
| 250 | _aFacsim. | ||
| 255 | _aScales differ | ||
| 260 |
_aLondon _bLondon Topographical Society _c1939 |
||
| 300 |
_a2 maps on two sheets _bin folder _c49 x 36 cm. |
||
| 500 | _aItem includes facsimiles of the original maps, which show the neighbourhood of the Fleet Prison in 1612 and 1728. | ||
| 500 | _aMaps are reproduced by the permission of the Worshipful Company of Clothworkers. | ||
| 651 | 4 | _aLondon | |
| 690 | _aENVIRONMENTAL AND LAND CONSULTANCY-GEOMATICS-MAPPING AND POSITIONING-CARTOGRAPHY | ||
| 942 | _n0 | ||
| 999 |
_c116854 _d116854 |
||